00828nam a22001932a 450000100060000000300080000600500170001400800410003102000210007203500510009304000320014404100080017608200250018410000190020924502750022826000520050330000260055565000530058137161BD-RjUL20211209052602.0141021s1973 enk 000 0 eng d a0241023858 (pbk) aOCLC ocm16238724 from D951113Ma(BD-RjUL)37263 aUKMcUKMdEQOdBD-RjULbeng aeng a428.24219bHUA 19731 aHuxley, Julie.10aAdvanced comprehension practice in English :btwenty-one specially selected passages of modern English with questions and answers on comprehension, vocabulary, grammar and usage suitable for students preparing for the Cambridge Certificate of Proficiency /cJulie Huxley aLondon :bHamilton ;bSt George's Press,c1973. axiii, 145 p. ;c22 cm 0aEnglish languagevTextbooks for foreign speakers